[Event "DEN-ch"]
[Site "Aalborg"]
[Date "2000.04.17"]
[Round "3"]
[White "Pedersen, Steffen"]
[Black "Hansen, Curt"]
[Result "0-1"]
[WhiteElo "2454"]
[BlackElo "2618"]
[Annotator "Tsesarsky,I"]
[PlyCount "48"]
[EventDate "2000.04.15"]
[EventType "tourn"]
[EventRounds "9"]
[EventCountry "DEN"]
[EventCategory "11"]
[SourceTitle "CBM 077"]
[Source "ChessBase"]
[SourceDate "2000.07.27"]
[SourceVersion "1"]
[SourceVersionDate "2000.07.27"]
[SourceQuality "1"]

1. d4 Nf6 2. c4 e6 3. Nf3 d5 4. Nc3 Be7 5. Bg5 O-O 6. e3 Nbd7 7. Rc1 a6 8. c5
c6 9. Bd3 e5 10. Bxf6 (10. dxe5 {-another continuation}) 10... Bxf6 11. dxe5 (
11. Nxe5 Bxe5 (11... Nxe5 12. dxe5 Be7 13. Na4 Qa5+ 14. Rc3 Be6 15. O-O $16)
12. dxe5 Nxc5 13. Bb1 $132 {1-0 Boyd-Spitzenberger/cr 1978/[ 5] (25)}) 11...
Be7 (11... Nxe5 $2 12. Nxe5 Bxe5 13. Bxh7+ Kxh7 14. Qh5+ Kg8 15. Qxe5 $16) 12.
Qc2 (12. b4 Qc7 13. Qc2 (13. O-O Nxe5 14. Nxe5 Qxe5 15. Qc2 f5 16. Ne2 g6 $11 {
1-0 Brinck Claussen,B-Van Voorthuijsen,P/Lyngby op 1988/[ 5] (40)}) 13... g6
14. O-O Nxe5 15. Nxe5 Qxe5 16. e4 dxe4 17. Nxe4 $11 {1/2-1/2 Schulien,C-Kogan,
B/Atlanta 1988/[ 5] (33)}) (12. O-O Nxc5 13. Bb1 Bg4 $11) (12. Na4 Qa5+ 13. Ke2
Re8 14. Qc2 h6 15. h4 Bd8 16. e6 Rxe6 17. Nd4 Rf6 $132 {1-0 Fatalibekova,
E-Ovchinikova,J/Moscow RUS 1999/[ 5] (34)}) 12... h6 (12... g6 13. Na4 Qa5+ (
13... Qc7 14. e6 fxe6 15. Bxg6 hxg6 16. Qxg6+ Kh8 17. Qh6+ Kg8 18. Qxe6+ Rf7)
14. Ke2 Qc7 15. e6 fxe6 16. Bxg6 hxg6 17. Qxg6+ Kh8 18. Qh6+ Kg8 19. Qg6+ {
1/2-1/2 Schmidt,W-Davidovic,A/Dortmund II 1988/[ 5] (19)}) 13. Na4 $132 ({
Another possibilities didn't promise for White any advantage:} 13. O-O Nxc5 14.
Bh7+ Kh8 15. Bf5 Bxf5 16. Qxf5 Qb6 (16... Qd7 17. Nd4 Rae8 18. Rfd1 Qxf5 19.
Nxf5 Nd7 20. Nxd5 $5 (20. f4 $132) 20... cxd5 21. Rc7 g6 22. Rxd7 gxf5 23. Rxb7
Bd8 24. Rxd5 $44 {1/2-1/2 Christiansen,L-Seul,G/BL 1991/[ 5] (54)}) 17. Rc2
Rae8 18. Rd1 $132) (13. e4 dxe4 14. Nxe4 Nxc5 15. Nxc5 Bxc5 16. O-O (16. Bh7+
Kh8 17. Qxc5 Kxh7 18. O-O $11) 16... Ba7 17. Rcd1 Qe7 18. Qc4 $5 $132 {1/2-1/2
Romanishin,O-Bellini,F/Reggio Emilia 1998/CBM 63/(41)} (18. Bh7+ Kh8 19. Bf5
Bxf5 20. Qxf5 Rad8 21. h4 $11)) 13... Qa5+ $2 $16 {[%mdl 16384] This move is
bad! See comments to 15 move of Black} ({Right is} 13... Qc7 $1 {[%csl Re5]}
14. Qc3 {[%cal Gc3e5]} (14. Bf5 Nxe5 15. Nb6 Nxf3+ 16. gxf3 Bxf5 17. Qxf5 Rad8
18. b4 d4 $15) 14... Re8 15. O-O (15. e6 fxe6 16. O-O Bf6 17. Qc2 Rb8 18. b3 {
1/2-1/2 Kharitonov-Sokolov/Moscu URS ch 1988/[ 5] (18)} (18. e4 Ne5 19. Nxe5
Bxe5 20. g3 $11) (18. b3 e5 19. e4 Nf8 20. Nb6 Be6 21. Rfd1 Kh8 $11)) (15. Bb1
Bd8 $1 16. Qc2 (16. O-O $132) 16... g6 17. O-O $132 (17. Nb6 $6 Nxb6 18. cxb6
Qxb6 $15) (17. h4 $6 h5 18. Nd4 Qxe5 19. Rd1 Qf6 20. Qc3 Ne5 $15 {0-1
Wiedenkeller,M-Thorsteinsson,T/Saltsjobaden 1988/Inf 47/ (35)})) 15... Bf8 16.
e4 Nxe5 17. Nxe5 dxe4 18. Bxe4 Qxe5 $11 {1/2-1/2 Loginov,V-Balashov,Y/URS-FL
Sverdlovsk 1987/[ 5] (24)}) 14. Ke2 Qc7 15. Bf5 (15. Qc3 Re8 16. Rhe1 Bf8 17.
Kf1 Nxe5 18. Nxe5 Rxe5 19. Nb6 Rb8 20. Nxc8 Rxc8 $11 {0-1 Visier Segovia,
F-Lombardy,W/Nice 1974/[ 5] (78)}) 15... Rb8 ({Here} 15... Nxe5 {is bad
because after} 16. Nb6 Bxf5 17. Qxf5 Nxf3 {without check!} 18. Nxa8 $16 {
Therefore 13...Qa5+ is mistake!}) 16. e6 fxe6 17. Bxe6+ Kh8 18. h3 $2 $44 {
[%mdl 16384] Ununderstandable move without any idea.} ({Why not} 18. h4 $1 $16
{[%csl Rh8][%cal Gf3g5]} b5 (18... Ne5 19. Bxc8 Rbxc8 20. Ng5 (20. Nb6 Rce8 21.
Nxe5 (21. Ng5 $2 Bxg5 22. hxg5 Ng4 23. Rcf1 Qf4 $1 24. Kd1 (24. Kd2 Qxf2+ $1
$17) 24... Nxf2+ $17) 21... Qxe5 22. Nd7 Qh5+ 23. f3 $16 {[%csl Rf8]}) 20...
hxg5 21. hxg5+ Kg8 22. f4 g6 $5 (22... Nc4 23. Qh7+ Kf7 24. Qh5+ g6 25. Qh7+
Ke8 26. Qxg6+ $18) 23. fxe5 Rf5 24. Rh6 Qxe5 25. Nb6 Rd8 26. g4 Rxg5 27. Rxg6+
$16) 19. cxb6 $5 (19. Nb6 $2 Nxb6 20. cxb6 Qd6 21. Bxc8 Rfxc8 22. Ng5 hxg5 23.
hxg5+ Kg8 24. Qh7+ Kf8 25. b7 Rd8 26. Qf5+ Kg8 27. Qh7+ $11 (27. g6 Bf6 28. Rh5
Rxb7 29. Rch1 Kf8 $17)) 19... Nxb6 20. Bxc8 Nxa4 21. Qxa4 Rxb2+ 22. Rc2 Rxc2+
23. Qxc2 Rxc8 24. Ng5 $16 {1/2-1/2 Morrison,G-Speelman/Brighton ch-ENG YB/
2-234 1984/[ 5] (36) This game played about 16 years ago, but Hansen didn't
know or maybe forgot this important game.}) 18... Rf6 19. Bg4 $2 $17 {A series
of mistakes is continued} (19. Nd4 $142 $1 Ne5 20. Bxc8 Rxc8 21. Nb6 Rcf8 22.
Rhf1 Bd8 23. f3 $44) 19... Ne5 20. Nxe5 Qxe5 21. Nb6 (21. Bxc8 Rxc8 22. Rhf1 (
22. Nb6 Rcf8 23. Rhf1 (23. Rcf1 Bxc5 24. Qxc5 Rxf2+ $1 $19 {This tactical
Impact will take place in this game...}) 23... d4 $17) (22. Rcf1 d4 23. b4 Rd8
24. Nb2 Qd5 25. e4 Re6 26. f3 Qxa2 27. Rc1 a5 $17) (22. Qc3 Qe4 23. Nb6 Qxg2
24. Qxf6 Bxf6 25. Nxc8 d4 $17) 22... Rcf8 23. Qb3 Qh5+ 24. Ke1 Qg5 25. Rc2 (25.
g4 Rf3 26. Rc3 Qh4 27. Rc2 Qxh3 $17) (25. g3 Rxf2 $19) 25... Qxg2 26. Qxb7 Rxf2
27. Rcxf2 Bh4 28. Qxa6 Bxf2+ 29. Kd1 Qe4 $17) 21... Bxg4+ 22. hxg4 Rbf8 23.
Rcf1 $2 $19 {[%mdl 8192]} (23. f3 $2 Re6 24. Qb3 Qg3 25. Rhg1 Bg5 $19 {[%csl
Re2,Re3,Rf3]}) (23. Rhf1 $1 d4 24. Nc4 Qxc5 25. Qe4 dxe3 26. f4 Bd8 $17) {
[%tqu "En","?","","","e7c5","",10]} 23... Bxc5 24. Qxc5 (24. Nd7 Rxf2+ $19)
24... Rxf2+ $1 0-1

[Event "Bundesliga 0102"]
[Site "Germany"]
[Date "2002.04.28"]
[Round "15.1"]
[White "Nikolic, Predrag"]
[Black "Doettling, Fabian"]
[Result "1-0"]
[WhiteElo "2652"]
[BlackElo "2518"]
[Annotator "Tsesarsky,I"]
[PlyCount "131"]
[EventDate "2001.10.06"]
[EventType "team-tourn"]
[EventRounds "15"]
[EventCountry "GER"]
[SourceTitle "CBM 089"]
[Source "ChessBase"]
[SourceDate "2002.08.12"]
[SourceVersion "1"]
[SourceVersionDate "2002.08.12"]
[SourceQuality "1"]
[WhiteTeam "Solingen"]
[BlackTeam "Castrop Rauxel"]
[WhiteTeamCountry "GER"]
[BlackTeamCountry "GER"]

1. d4 d5 2. c4 e6 3. Nc3 Be7 4. Nf3 Nf6 5. Bg5 O-O 6. e3 Nbd7 7. Rc1 a6 8. c5
Ne4 9. Nxe4 dxe4 10. Bxe7 Qxe7 11. Nd2 Nf6 (11... f5 12. c6 (12. Qb3 Kh8 13. c6
bxc6 14. Rxc6 e5 $14 {1/2-1/2 Szabo,L-Liptay,L/HUN-ch 1968/MCD (14)}) 12...
bxc6 13. Rxc6 e5 14. Re6 Qb4 15. Qb3 Qxb3 16. Nxb3 exd4 17. Nxd4 Nb6 18. Rc6
$14 {1-0 Vaganian,R-Csom,I/Hastings 1974/EXT 99 (56)}) 12. Nc4 Bd7 13. Be2 (13.
Ne5 {In view of the referenced games, this move is better than the text move
of the game.} Qe8 (13... Bb5 14. Qc2 Qd8 (14... Bxf1 15. Kxf1 Rfd8 16. Kg1 $14)
15. Bc4 Bxc4 16. Nxc4 Qd5 17. O-O Nd7 18. Nd2 (18. f3 exf3 19. Rxf3 $14) 18...
Nf6 19. Nc4 Nd7 20. c6 Qxc6 (20... bxc6 21. Rfd1 a5 22. Nd2 Nf6 23. Qxc6 Qxa2
24. b3 $14) 21. Na5 Qxc2 22. Rxc2 b6 23. Rxc7 bxa5 24. Rxd7 Rab8 25. b3 $14 {
1-0 Rogozenko,D-Doettling,F/Bremen GER 2001/The Week in Chess 335 (51)}) 14.
Bc4 Bc6 15. Qc2 Bd5 16. O-O Bxc4 17. Nxc4 Qc6 18. Ne5 Qd5 19. b3 $14 {1-0
Karpov,A-Jakobsen,O/La Valetta 1980/EXT 2000 (56)}) 13... Bc6 ({Black can play
also} 13... Nd5 $5 14. O-O (14. Qc2 f5 15. Ne5 Bb5 16. Bxb5 axb5 17. a3 c6 18.
O-O $11) 14... Bb5 15. Na5 (15. Qc2 {[%csl Re4][%cal Gc2e4]} f5 16. a4 Bxc4 17.
Bxc4 a5 18. Qb3 c6 $11) 15... c6 16. a4 Bxe2 17. Qxe2 e5 18. Rfd1 Nb4 {[%cal
Gb4d3]} 19. Rc3 exd4 20. exd4 Nd5 21. Rb3 Rab8 22. Nc4 $132 {1/2-1/2 Tatai,
S-Bellomo,F/Rome 1991/EXT 2000 (49)}) 14. O-O Bd5 15. Qc2 Bxc4 ({Reliable is} 
15... Nd7 {and Black easily equalised in the next two games:} 16. b4 (16. f4 f5
17. Na5 Nf6 18. Nc4 Rad8 19. Ne5 Nd7 20. Nxd7 Rxd7 21. c6 Bxc6 22. Bxa6 Bd5 $11
{1/2-1/2 Kekelidze,M-Doettling,F/Germany 1999/CBM 74 ext (24)}) 16... f5 17. f3
Nf6 18. Ne5 Nd7 19. Nc4 Nf6 20. Ne5 {1/2-1/2 Anikaev,Y-Novopashin,A/Volgodonsk
1981/MCD (20)}) 16. Bxc4 e5 17. dxe5 (17. Rfd1 $142 exd4 18. Rxd4 Rad8 19. Rcd1
Rxd4 20. Rxd4 $14) 17... Qxe5 18. h3 c6 19. Rfd1 Rad8 20. b4 g6 $6 $14 {
Black yields the only open file to White, it wasn't necessary.} (20... Qe7 $11)
21. Rd2 Rxd2 22. Qxd2 Kg7 23. Rd1 {[%cal Gd1d8]} Re8 24. Bb3 Re7 25. Qd8 Re8
26. Qd4 {White can't increase his pressure on the opened d-file controlled by
him.} Qxd4 27. Rxd4 (27. exd4 $11) 27... Kf8 28. Kf1 Re5 29. Rd8+ Re8 30. Rd6
Ke7 31. Rd4 Ra8 $2 $16 {[%csl Re4] Black chooses active counterplay,
sacrificing a Pe4.} (31... g5 $142 32. Ke2 h5 33. Bc2 Kf8 34. a4 $14) 32. Bc2 {
[%csl Re4]} a5 33. Bxe4 $2 $11 ({Right was} 33. a3 $1 axb4 34. axb4 {[%csl Re4]
and in view of Pe4 undefencable weakness White has clear advantage, for
example:} Ra1+ 35. Ke2 Ra2 36. Kd2 (36. Kd1 Nd5 37. Rxe4+ Kf6 38. Kc1) 36...
Nd5 (36... Ke6 37. Kc3 Ke5 38. Kb3 Ra1 39. Bxe4 $1 Nxe4 40. f4+ $16) (36... h5
37. Kc3 $16 {[%csl Re4][%cal Gc3b3]}) 37. Rxe4+ Kf6 38. b5 cxb5 39. Rd4 Nc7 40.
Kc3 Na6 41. Rf4+ $1 (41. Kb3 $2 Ra4 42. Kb2 (42. Rxa4 Nxc5+ 43. Kb4 Nxa4 44.
Kxb5 Nc3+ 45. Kb6 Ke5 46. Kxb7 f5 $44) 42... Rc4 43. Bb3 Rxc5 44. Rf4+ Rf5 45.
Rxf5+ gxf5 $11) 41... Ke5 (41... Ke7 42. Rxf7+ (42. Bb3 {[%csl Ra2,Rf7]} b4+
43. Kd4 Rd2+ 44. Kc4 Rb2 $11 {[%csl Rb3,Rc5]}) 42... Kxf7 43. Bb3+ Kf6 44. Bxa2
Nxc5 45. Bb1 $16) 42. Kb3 Ra4 43. Rxf7 Nxc5+ 44. Kb2 Rb4+ 45. Kc1 $16 {[%csl
Rh7][%cal Gf2f4]}) 33... axb4 34. Rxb4 {[%csl Ra2,Rc5]} Ra7 (34... Rxa2 $2 35.
Rxb7+ $18 {[%csl Rc6]}) 35. a4 Nd7 {[%csl Rc5][%cal Gd7c5]} 36. Bc2 (36. Rc4
Ra5 $11 {[%csl Rc5]}) 36... Nxc5 37. Ke2 Ra5 (37... h6 {[%cal Gg6g5]}) 38. f4
b5 {Possible, but not necessary move.} (38... f5 39. g4 Ke6 $11) 39. axb5 Rxb5
40. Rc4 Kd6 (40... h5 $11) 41. g4 h6 42. h4 Ra5 43. g5 hxg5 44. hxg5 Ra2 45.
Kf3 Rb2 46. Rc3 Rb4 (46... Kd5 $11) 47. Ra3 Ke7 (47... Rb2 $11) 48. Bd1 Rb7 (
48... Kd6 49. Ra7 Rb7 50. Ra8 Rb4 $11) 49. Be2 Rc7 $6 $14 {Why Black puts his
R on such passive location?} (49... Kd6 $11) 50. Bc4 Nd7 51. Ra6 Kf8 (51... Nc5
52. Rb6 Nd7 53. Rb4 $14 {[%cal Ge3e4]}) 52. e4 Kg7 53. Ke3 f6 $2 $16 {Black's
desire to wrap out as many material as possible is understandable. But the
move in the text is at least unaccuracy.} (53... Kf8 $142 54. Kd4 Ke7 55. f5 $1
(55. Ra8 Nb6 $11) (55. e5 Nf8 56. Ra8 Ne6+ 57. Bxe6 Kxe6 58. Kc5 Rd7 59. Ra4
Kf5 60. Kxc6 Rd1 $44 {[%csl Rc6]}) 55... gxf5 56. exf5 Kd6 $1 {Maybe the only,
but sufficient defence.} (56... Kf8 57. f6 Rc8 58. Ra7 Rd8 59. Ke4 Re8+ 60. Kf4
Ne5 61. Bb3 Kg8 62. Kf5 Kf8 63. Re7 Rb8 64. Rc7 (64. Ba2 Ra8 65. Rb7 Re8 66.
Rc7 c5 67. Re7 Ra8 68. Bd5 $18) 64... Re8 65. Ba2 $22 $18) 57. Bxf7 Nc5 58. g6
Nxa6 59. g7 Rc8 60. f6 Nc7 61. Ke4 Ne6 {[%csl Rg7][%cal Ge6g7]} 62. g8=Q Rxg8
63. Bxg8 Nf8 $11) 54. Ra5 fxg5 55. Rxg5 {[%csl Rg6][%cal Gf4f5] Pg6 became
weak.} Nf8 (55... Nb6 56. Bb3 c5 57. f5 {[%csl Rg6]} Rc6 58. Be6 Kf6 59. Rxg6+
Ke5 60. Rg8 $16) 56. Ra5 (56. Re5 Nh7 57. Re6 Nf6 58. e5 Ng8 59. Rd6 Ne7 60.
Rd8 $16) 56... Kf6 57. Ra8 Ke7 58. e5 Rb7 (58... c5 59. Ra6 Kd8 60. Rf6 Ke8 61.
Ke4 Rb7 62. Rc6 Rb1 63. Rxc5 Re1+ 64. Kf3 $16) 59. Kf3 Rc7 60. Kg4 c5 $2 $18 {
[%csl Rc5][%cal Ga6g6] Decisive weakening of the 6-th horisontal.} 61. Ra6 {
Black at least loses Pc5.} Rd7 (61... Ke8 62. Rf6 (62. Kg5 Ke7 {preventing
Ra6-f6 (Nf8-h7+).}) 62... Rb7 (62... Rc8 63. Rf7 Rb8 64. Rc7 Rb6 65. Bf7+ Kd8
66. Rxc5 $18 {[%csl Rg6][%cal Gg4g5]}) 63. Rc6 Rb1 64. Rxc5 (64. Rc8+ Ke7 65.
Rc7+ Kd8 66. Rxc5 $18 (66. Rf7 Ke8 67. Ra7 (67. e6 Rb6 68. Rg7 Rb4 69. Bd5 {
[%cal Gd5c6]} Rb6 70. f5 gxf5+ (70... Rd6 71. Bb3 gxf5+ 72. Kxf5 Nxe6 73. Bxe6
Rd1 74. Kf6 Kd8 $14) 71. Kxf5 Nxe6 72. Bxe6 Rb1 $14) 67... Rb6)) 64... Rg1+ 65.
Kf3 Kd7 66. Ra5 Ne6 67. Ra7+ Nc7 68. Bb5+ Kc8 69. Bd3 Kd8 70. Rb7 Ne6 71. Bc4
$18) 62. Kg5 Rb7 63. Rc6 Rb1 64. Rc7+ Kd8 65. Rf7 Ke8 66. e6 1-0

[Event "EU-ch 4th"]
[Site "Istanbul"]
[Date "2003.06.08"]
[Round "9"]
[White "Savchenko, Stanislav"]
[Black "Tregubov, Pavel V"]
[Result "0-1"]
[WhiteElo "2559"]
[BlackElo "2632"]
[Annotator "Tsesarsky,I"]
[PlyCount "76"]
[EventDate "2003.05.30"]
[EventType "swiss"]
[EventRounds "13"]
[EventCountry "TUR"]
[SourceTitle "CBM 096"]
[Source "ChessBase"]
[SourceDate "2003.09.25"]
[SourceVersion "1"]
[SourceVersionDate "2003.09.25"]
[SourceQuality "1"]

1. d4 d5 2. c4 e6 3. Nf3 Nf6 4. Nc3 Be7 5. Bg5 O-O 6. e3 Nbd7 7. Rc1 dxc4 8.
Bxc4 a6 9. a4 c5 10. O-O cxd4 11. exd4 Nb6 12. Bb3 Bd7 13. Ne5 Bc6 14. Re1 ({
The mainline is} 14. Qd3 {With the idea to put Q to h3. - this move will be
done in this game.} Nfd5 (14... Nbd5 $6 {Perhaps, not the best move.} 15. Rcd1
(15. Qh3 g6 16. Rfe1 Qd6 17. Rcd1 Nh5 18. Bxd5 Bxg5 19. Bxc6 bxc6 20. Ne4 Qd8
21. Nxc6 Qd5 22. Ne5 $16 {1-0 Naumkin,I-Dokhoian,Y/Vilnius 1988/CBM 07 (41)}) (
15. Rfd1 Nb4 16. Qh3 Bd5 (16... Nfd5 17. Bd2 Be8 18. Nxd5 exd5 19. Bxb4 Bxb4
20. Qf3 Bc6 21. Nxc6 bxc6 22. Rxc6 $16 {1-0 Sturua,Z-Kelecevic,N/Biel 1997/CBM
60 ext (83)}) 17. Nxd5 Nfxd5 18. Bd2 Qd6 $1 $14 {and it isn't easy for White
to increase pressure.} (18... Re8 $6 19. Qf3 f6 $6 (19... Rf8) 20. Bxb4 Bxb4
21. Nd3 Bf8 22. Nc5 $16 {1-0 Lerner,K-Botvinnik,I/ISR 2002/EXT 2003 (49)}))
15... Nb4 16. Qh3 Bd5 17. Nxd5 Nfxd5 18. Bd2 Qd6 19. Rfe1 Rad8 $11 {0-1 Aseev,
K-Ubilava,E/Sevastopol 1986/EXT 98 (40)}) (14... Nfd7 15. Bc2 {[%cal Gc2h7]} (
15. Nxc6 bxc6 16. Bxe7 Qxe7 17. Ne4 Nd5 18. Qg3 Nb4 19. a5 Nf6 20. Nxf6+ Qxf6
21. Rc4 Rab8 $11 {0-1 Estremera Panos,S-Ubilava,E/Andorra 1997/CBM 58 ext (64)}
) 15... g6 16. Bxe7 Qxe7 17. Nxc6 bxc6 18. a5 Nd5 19. Ba4 Nb8 (19... Nb4 20.
Qf3 {[%csl Rc6]} Nf6 21. Bxc6 Nxc6 22. Qxc6 Qb4 23. Qc5 Rab8 $14) 20. Qc4 $14 {
[%csl Rb8]}) 15. Nxd5 (15. Bc2 g6 16. Bh6 (16. Nxc6 bxc6 17. Bxe7 Qxe7 18. a5
Nb4 19. Qe2 N6d5 $11) 16... Bg5 17. Bxf8 Bxc1 18. Ba3 Bh6 19. Nxc6 bxc6 20. g3
a5 $11 {0-1 Garcia Palermo,C-Hoffman,A/Elgoibar 1991/EXT 97 (36)}) (15. Nxc6
bxc6 16. Bc2 g6 17. Bxe7 Qxe7 18. a5 Nb4 19. Qe2 Nd7 (19... N6d5 $11) 20. Qc4
Rfb8 21. Be4 Ra7 22. Rfe1 Qd8 23. Ra1 Nf6 $11 {0-1 Spangenberg,H-San Segundo
Carrillo,P/Buenos Aires 1995/CBM 49 (53)}) 15... Nxd5 16. Bc2 g6 17. Bh6 Bg5
18. Nxc6 bxc6 19. Bxf8 Bxc1 20. Rxc1 Qxf8 21. Bb3 Nb4 22. Qe3 a5 23. g3 Qd6 24.
Rc5 $11 Qd8 $11 (24... Rd8 25. Rxa5 Qxd4 26. Ra8 Qd7 27. Rxd8+ Qxd8 $16 {
[%csl Ga4,Gb3] 1-0 Hoi,C-Jakobsen,O/Copenhagen 2002/CBM 88 (49)})) (14. f4 Nfd5
15. Qd2 h6 16. Bxe7 Nxe7 17. a5 Nbc8 18. d5 (18. Na4 $14) 18... Nxd5 19. f5
Nce7 20. fxe6 fxe6 21. Rxf8+ Qxf8 22. Rf1 Qb8 23. Qd4 Qc7 (23... Qa7 24. Qxa7
Rxa7 $44) 24. Ng4 $40 {1-0 Dokhoian,Y-Goldin,A/Irkutsk 1986/TD (39)} (24. Rf7
$14)) (14. Nxc6 {-another mainline.}) 14... Nbd5 15. Qd3 {[%cal Gd3h3]} (15.
Qd2 Qd6 16. Bc2 Rac8 $11 {0-1 Karsa,L-Dokhoian,Y/Budapest 1988/EXT 2003 (28)})
(15. Qe2 Qd6 16. Nxc6 bxc6 {[%csl Gd5]} 17. Bc4 Nxc3 18. bxc3 Nd5 19. Bd2 a5
$11 {0-1 Pinter,J-Rausis,I/France 1997/EXT 99 (36)}) 15... Nb4 16. Qh3 (16. Qd2
Bd5 17. Nxd5 Nbxd5 18. Qd3 {1/2-1/2 Panno,O-Gomez Baillo,J/ARG 1989/EXT 97 (18)
}) 16... Nfd5 17. Bd2 ({Worth of attention} 17. Bxe7 Qxe7 18. Re4 (18. Ne4 $14)
(18. Qg3 $14) 18... Qg5 19. Ne2 Qd2 20. Rh4 Nf6 21. Qe3 Qxe3 22. fxe3 $132 {
0-1 Eriksson,J-Danielian,O/Hallsberg 1993/EXT 97 (58)}) 17... Bg5 18. Bxg5 ({
In case of} 18. Nxd5 {Black equalizes.} Bxd2 (18... Nxd5 19. Bc2 g6 20. Nxc6
bxc6 21. Bxg5 Qxg5 22. Be4 $11) 19. Nxb4 Bxb4 20. Nxc6 bxc6 $11) 18... Qxg5 19.
Ne4 Qe7 20. Qg3 Rfc8 21. f4 {[%cal Gf4f5] Right plan. Pf runs forward,
breaking the K fortress.} Be8 22. Rcd1 ({Interesting is} 22. a5 Rxc1 23. Rxc1
Rd8 (23... Qd8 24. Nc5 Rb8 25. Ng4 Qc7 {[%csl Rf4]} 26. Bc4 $1 $14) 24. Re1 $14
) 22... Qc7 23. Qf3 ({After strong} 23. Rf1 {[%cal Gf4f5] White leaves with
slight advantage:} f6 {[%csl Re6]} (23... Bd7 24. Nc5 Bc6 25. f5 $16) 24. Nxf6+
$5 (24. Nd3 Bg6 25. Nxb4 (25. Nxf6+ gxf6 26. Nxb4 Nxb4 27. Bxe6+ Kh8 28. Bxc8
Rxc8 $44) 25... Bxe4 26. Rfe1 f5 27. Rxe4 fxe4 28. Nxd5 exd5 29. Bxd5+ Kh8 30.
Bxe4 Re8 $44) 24... Nxf6 25. Bxe6+ Kh8 26. Qb3 Qb6 27. Bxc8 Rxc8 28. f5 $14)
23... Kh8 24. f5 exf5 25. Ng5 ({Worth of attention immediate P recapture:} 25.
Qxf5 f6 $8 26. Ng5 {[%csl Rh7]} g6 $8 27. Qf3 {[%csl Rd5]} Bc6 28. Ne6 Qe7 29.
Nxc6 bxc6 30. Nc5 (30. Qg3 Re8 31. Re2 f5 32. Bxd5 Nxd5 33. Rde1 $14) 30... Qg7
31. Re6 f5 32. Bxd5 Nxd5 33. Qf2 f4 34. Rde1 $14) 25... h6 $6 $16 (25... f6 $1
26. Qxf5 {-see above.}) 26. Bxd5 $2 $132 {Strange decision...I even can't
guess what exactly was overlooked by White...} ({After quite simple and strong
} 26. Rc1 $1 {White recieves a big advantage by force:} Qxc1 27. Ngxf7+ Kg8 28.
Rxc1 Rxc1+ 29. Kf2 Bxf7 30. Nxf7 Kxf7 31. Bxd5+ Kf6 32. Bb3 $16) 26... Nxd5 27.
Qxd5 hxg5 28. Nf3 ({Approximately equal position after} 28. Re3 {[%cal Ge3h3]}
g4 $1 (28... g6 $6 29. a5 f6 30. Rc3 (30. Nc4 Bf7 31. Qd6 Kg7 32. b3 Qxd6 33.
Nxd6 Rc7 34. Nxf7 Kxf7 $17) 30... Qe7 31. Nc4 Bf7 32. Qd6 Rc7 33. Qxe7 Rxe7 34.
d5 Rd8 35. Nb6 $16 {[%csl Gd5][%cal Gd5d7]}) 29. a5 f6 30. Nd3 {[%csl Rf5]} (
30. Rc3 $2 Qe7 31. Nd3 (31. Nc4 Qe2 $19 {[%csl Rg2][%cal Ge8c6]}) 31... Rxc3
32. bxc3 Qe2 $17) 30... f4 31. Ree1 f3 32. Qf5 Ba4 33. Rc1 Qd7 34. Qxd7 Bxd7
35. d5 Rxc1 36. Rxc1 Bb5 37. Nc5 $44) 28... Qf4 29. Ne5 ({Equal position after
} 29. Qxb7 g4 $5 (29... Bc6 30. Qxf7 Bxf3 31. Re7 Rg8 32. gxf3 Qxf3 33. Rf1
Qg4+ 34. Kh1 Raf8 35. Qd5 $132) 30. Ne5 f6 31. Nd7 (31. Nf7+ Kg8 32. g3 Qb8 33.
Qxb8 Rcxb8 34. Nd6 Bxa4 35. Rd2 Ra7 36. Nxf5 $11) 31... Bxd7 (31... g3 $2 32.
hxg3 Qxg3 33. Re6 Bxd7 34. Qxd7 Rc2 35. Re8+ $11) 32. Qxd7 Rc2 33. Qd5 $11)
29... Rc2 30. Nd3 Qg4 31. Ne5 Qh4 {Black wants to win!} (31... Qf4 32. Nd3 $11)
32. Qf3 $2 $17 (32. Kh1 $1 $44) 32... Rd2 $1 {[%csl Rd4]} 33. Qe3 Rxd1 34. Rxd1
f6 35. Nc4 $2 $19 ({More stubborn is} 35. Nf3 Qe4 $17) 35... Bxa4 {Whit's
position collapses.} 36. b3 Re8 37. Ne5 Qh5 38. Rf1 ({Or} 38. g4 Rxe5 39. gxh5
Rxe3 40. bxa4 Kg8 $19) 38... Bb5 0-1